Pretrvávajúce systémové nedostatky v daňovej kontrole
Nízka efektívnosť daňovej kontroly. Zásadné a kľúčové nedostatky daňovej kontroly. Neexistencia elitných daňových kontrolórov. Neprimeraná kontrola elektronických registračných pokladníc. Časté legislatívne novelizácie. Subjektivita výberu daňovej kontroly.
Guardado en:
| Autor principal: | |
|---|---|
| Formato: | Capítulo de libro |
| Lenguaje: | eslovaco |
| Materias: | |
| Etiquetas: |
Sin Etiquetas, Sea el primero en etiquetar este registro!
|
MARC
| LEADER | 00000naa a2200000 4500 | ||
|---|---|---|---|
| 001 | r041963 | ||
| 005 | 20231002122811.1 | ||
| 041 | 0 | |a slo | |
| 044 | |a SK | ||
| 245 | 1 | 0 | |a Pretrvávajúce systémové nedostatky v daňovej kontrole |c Emil Burák |
| 520 | |a Nízka efektívnosť daňovej kontroly. Zásadné a kľúčové nedostatky daňovej kontroly. Neexistencia elitných daňových kontrolórov. Neprimeraná kontrola elektronických registračných pokladníc. Časté legislatívne novelizácie. Subjektivita výberu daňovej kontroly. | ||
| 610 | 2 | 0 | |a dane |
| 610 | 2 | 0 | |a kontrola daňová |
| 610 | 2 | 0 | |a únik daňový |
| 610 | 2 | 0 | |a daňovníci |
| 610 | 2 | 0 | |a kontrolóri |
| 610 | 2 | 0 | |a úrady daňové |
| 610 | 2 | 0 | |a Slovensko |
| 610 | 2 | 0 | |a úpravy právne |
| 100 | 1 | |a Burák, Emil | |